000 01349nam a2200361 a 4500
001 000113521
003 CHAP
005 20220329144359.0
008 170728s2017 mx a fsm |||||||spa d
010 _a109982
011 _a110954
040 _cCHAP
090 _aTesis
100 1 _aRojas Bautista, Gloria Alejandra
_9132896
245 1 0 _aAnálisis multitemporal del cambio del uso y manejo de suelo en la cuenca Tiltepec, región mixteca de Oaxaca /
_h[En línea]
_cpor Gloria Alejandra Rojas Bautista.
260 _aChapingo, Méx. :
_bEl autor,
_c2017.
500 _aPara ver el contenido del material haga clic en la liga
502 _aTesis (Ing. en Recursos Naturales Renovables) -- UACH. Departamento de Suelos
590 _aBATCH-UPD
_b05
_c20170801
_lUCH01
_h1149
590 _aE11695DGD
_b10
_c20170802
_lUCH01
_h0810
590 _aE6096MTM
_b05
_c20170728
_lUCH01
_h1247
590 _aE6096MTM
_b05
_c20170731
_lUCH01
_h1456
590 _aE6096MTM
_b05
_c20170801
_lUCH01
_h1149
590 _aE6096MTM
_b05
_c20170801
_lUCH01
_h1202
650 1 4 _aEcología vegetal.
_935188
650 1 4 _aSensores remotos.
_9104427
650 1 4 _aSuelos
_xManejo.
_9110423
650 1 4 _aUso de la tierra
_zOaxaca.
_9132915
856 _aFinding aid
_uhttp://10.13.5.2/tesis/sist113521.pdf
_zTeclea aquí
901 _aBK
942 _cTESIS
942 _n0
999 _c109982
_d109982